Explaining chaos / (Record no. 29008)

000 -LEADER
fixed length control field 00505 a2200157 4500
020 ## - INTERNATIONAL STANDARD BOOK NUMBER
International Standard Book Number 0521477476
020 ## - INTERNATIONAL STANDARD BOOK NUMBER
International Standard Book Number 9780521477475
082 04 - DEWEY DECIMAL CLASSIFICATION NUMBER
Classification number 003.857
090 ## - LOCALLY ASSIGNED LC-TYPE CALL NUMBER (OCLC); LOCAL CALL NUMBER (RLIN)
-- 376
-- 376
100 1# - MAIN ENTRY--PERSONAL NAME
Personal name Smith, Peter.
245 10 - TITLE STATEMENT
Title Explaining chaos /
Statement of responsibility, etc. Peter Smith.
260 ## - PUBLICATION, DISTRIBUTION, ETC.
Place of publication, distribution, etc. [S.l.] :
Name of publisher, distributor, etc. Cambridge University Press,
Date of publication, distribution, etc. 1998.
300 ## - PHYSICAL DESCRIPTION
Extent 204 p. ;
Dimensions 24 cm.
942 ## - ADDED ENTRY ELEMENTS (KOHA)
Institution code [OBSOLETE] SNS
Koha item type Book
Call number prefix 003.857 SMI
Holdings
Withdrawn status Lost status Damaged status Not for loan Permanent Location Current Location Date acquired Total Checkouts Full call number Barcode Date last seen Date last checked out Price effective from Koha item type
        School of Natural Sciences (SNS) School of Natural Sciences (SNS) 05/26/2016 1 003.857 SMI SNS0000296 01/29/2026 09/19/2025 05/26/2016 Book
© 2023 Central Library, National University of Sciences and Technology. All Rights Reserved.